The enforcement of adjudicators' awards under the Housing, Grants, Construction and Regeneration Act 1996: Part 2. (Record no. 64637)
[ view plain ]
| 000 -LEADER | |
|---|---|
| fixed length control field | 01186cam a2200241 4500 |
| 001 - CONTROL NUMBER | |
| control field | ABS62730 |
| 008 - FIXED-LENGTH DATA ELEMENTS--GENERAL INFORMATION | |
| fixed length control field | 000000n2000 000 0 eng u |
| 035 ## - SYSTEM CONTROL NUMBER | |
| System control number | (Sirsi) u108225 |
| 100 ## - MAIN ENTRY--PERSONAL NAME | |
| Personal name | Salmon, K. |
| 245 #4 - TITLE STATEMENT | |
| Title | The enforcement of adjudicators' awards under the Housing, Grants, Construction and Regeneration Act 1996: Part 2. |
| 260 ## - PUBLICATION, DISTRIBUTION, ETC. | |
| Date of publication, distribution, etc. | 2000 |
| 490 ## - SERIES STATEMENT | |
| Series statement | Arbitration |
| Volume/sequential designation | 66(3) August 2000, 185-187(3) |
| 520 ## - SUMMARY, ETC. | |
| Summary, etc. | Reviews recent court decisions on the enforcement of an adjudicator's decision under the Construction Act 1996. |
| 590 ## - LOCAL NOTE (RLIN) | |
| Local note | ABS |
| 650 ## - SUBJECT ADDED ENTRY--TOPICAL TERM | |
| Topical term or geographic name entry element | HOUSING GRANTS CONSTRUCTION AND REGENERATION ACT 1996 |
| 650 ## - SUBJECT ADDED ENTRY--TOPICAL TERM | |
| Topical term or geographic name entry element | MANAGEMENT-DISPUTE AVOIDANCE, MANAGEMENT AND RESOLUTION-DISPUTE MANAGEMENT AND RESOLUTION-ALTERNATIVE DISPUTE RESOLUTION-ADJUDICATION |
| 650 ## - SUBJECT ADDED ENTRY--TOPICAL TERM | |
| Topical term or geographic name entry element | MANAGEMENT-DISPUTE AVOIDANCE, MANAGEMENT AND RESOLUTION-DISPUTE MANAGEMENT AND RESOLUTION-ALTERNATIVE DISPUTE RESOLUTION-ADJUDICATION-ADJUDICATION AWARDS |
| 650 ## - SUBJECT ADDED ENTRY--TOPICAL TERM | |
| Topical term or geographic name entry element | LATHOM CONSTRUCTION LTD V BRIAN CROSS AND ANNE CROSS |
| 650 ## - SUBJECT ADDED ENTRY--TOPICAL TERM | |
| Topical term or geographic name entry element | SHERWOOD AND CASSON LTD V MACKENZIE ENGINEERING LTD |
| 650 ## - SUBJECT ADDED ENTRY--TOPICAL TERM | |
| Topical term or geographic name entry element | BOUYGUES UK LTD V DAHL-JENSEN UK LTD |
| 690 ## - LOCAL SUBJECT ADDED ENTRY--TOPICAL TERM (OCLC, RLIN) | |
| Topical term or geographic name as entry element | Dispute resolution |
| 9 (RLIN) | 6236 |
| 942 ## - ADDED ENTRY ELEMENTS (KOHA) | |
| Suppress in OPAC | 0 |
| Withdrawn status | Lost status | Source of classification or shelving scheme | Damaged status | Not for loan | Home library | Current library | Shelving location | Date acquired | Total Checkouts | Full call number | Barcode | Date last seen | Copy number | Price effective from | Koha item type |
|---|---|---|---|---|---|---|---|---|---|---|---|---|---|---|---|
| Dewey Decimal Classification | London | London | Journal article | 11/09/2000 | ABS62730 | 108225-1001 | 06/08/2019 | 1 | 06/08/2019 | Journal article |